000 00505nam a22001457a 4500
008 250528b |||||||| |||| 00| 0 eng d
020 _a9789785234947
050 _aJF1601
_b.A34 2016
245 _aEssays On Public Management Gender and Sub-National Governments.
_cAdemolekun Ladipo
260 _aIbadan
_bCaligata Publishing Company Limited.
_c2016
300 _axix, 178p.
_billustration;
650 _aSex discrimination in Employment Commonwealth Countries.
700 _aAdemolekun Ladipo
942 _cBK
999 _c3697
_d3697